| 000 | 00519nam a22001937a 4500 | ||
|---|---|---|---|
| 003 | NUST - PNEC | ||
| 005 | 20170116180850.0 | ||
| 008 | 150825b xxu||||| |||| 00| 0 eng d | ||
| 020 | _a9781259062759 | ||
| 020 | _a1259062759 | ||
| 040 | _cLIBRARY | ||
| 082 | _a620.1105 SMI | ||
| 100 |
_95657 _aSmith, William F |
||
| 245 |
_aMaterials science and engineering : In SI Units _cWilliam F Smith |
||
| 250 | _aFifth Edition | ||
| 260 | _cc.2014 | ||
| 650 |
_95658 _aMaterials , Engineering _xME |
||
| 942 |
_2ddc _cBK |
||
| 999 |
_c64585 _d64585 |
||